London Trivia - Statistics

General Stats
  • This quiz has been taken 768 times
    481 since last reset
  • The average score is 11 of 15
Answer Stats
Question Answer % Correct
The main river that flows through London? Thames
98%
The official residence of the Queen? Buckingham Palace
97%
The street where the Prime Minister usually lives? Downing Street
95%
Currently the tallest building in London? The Shard
92%
The largest department store in Britain? Harrods
89%
The building which witnessed the executions of people such as Anne Boleyn and Sir Walter Raleigh? Tower of London
86%
The building where British monarchs have been crowned since 1066? Westminster Abbey
86%
The Prime Minister of the UK between 1997 and 2007? Tony Blair
84%
The London airport which has the luggage code LCY? London City
81%
The part of London where the most theaters are located? West End
74%
Which line on the London Underground is represented by the colour red on a tube map? Central
69%
The current mayor of London? Sadiq Khan
69%
The most expensive location to buy on an original London based Monopoly board? Mayfair
60%
The last time London hosted the Summer Olympic Games before 2012? 1948
47%
The name given to the hats worn by the Queen's guards? Bearskins
18%
No matching quizzes found
Score Distribution
Percent of People with Each Score
Percentile by Number Answered
Your Score History
You have not taken this quiz since the last reset